| 000 | 00916nam a2200253 a 4500 | ||
|---|---|---|---|
| 005 | 2009052105365.0 | ||
| 008 | 081121s2009 ii b 001 0 eng | ||
| 010 | _aENG-93658 | ||
| 020 |
_a938002309X _c50.00 |
||
| 020 |
_a9789380023090 _c50.00 |
||
| 035 | _aEN-77191 | ||
| 037 | _bDBAD / PUB | ||
| 040 |
_adpl _bEnglish |
||
| 082 | _a004.36 | ||
| 100 | _aPalaniammal, V. | ||
| 245 |
_aClient-server computing / _cby V. Palaniammal |
||
| 260 |
_aChennai _bOzone Books _c2008 |
||
| 270 |
_a138, Sayee Nagar 3rd Street, Virugambakkasm, _bChennai _e600092 |
||
| 300 |
_a112p. _c20cm(pbk) |
||
| 500 | _aIncludes bibliographical references | ||
| 650 | _aClient/server computing | ||
| 942 |
_2ddc _cEN _mPAL _h004.36 |
||
| 999 |
_c26678 _d26678 |
||